000 00396nam a2200169Ia 4500
008 180424s9999 xx 000 0 und d
084 _a973 M13
100 _a"Maajini, "
245 0 _aSoviyath Union Thagaval Kalanchiyam
250 _a\\196900TAMGPSX
260 _aNCBH
260 _b1969
260 _cMadras
300 _a588p
500 _aincludes index and biblioraphy
942 _cBK
999 _c63198
_d63198